000 01264cam a22003734a 4500
999 _c219575
_d219575
001 14429675
003 ASAB
005 20170214120701.0
008 051102s2005 enka b 001 0 eng
010 _a 2006411758
015 _aGBA623957
_2bnb
016 7 _a101260928
_2DNLM
016 7 _a013373329
_2Uk
020 _a978-1-910190-09-8
035 _a(OCoLC)ocm62295351
040 _aNLM
_cASAB
_dMRM
_dBAKER
_dGZM
_dUKM
_dDLC
042 _apcc
050 0 0 _aQR171.I6
_bP7625 2005
060 0 0 _a2005 M-760
060 1 0 _aQU 145.5
_bP9615 2005
082 0 4 _a616.9201
245 0 0 _aProbiotics and prebiotics :
_bcurrent research and future trends
_cedited by Koen Venema and Ana Paula do carmo
246 _aprobiotics and prebiotics
260 _aWymondham, Norfolk, U.K. :
_bCaister Academic Press,
_cc2005.
300 _avi, 508 p. :
_bill. ;
_c24 cm.
504 _aIncludes bibliographical references and index.
650 0 _aBacteria
_xHealth aspects.
650 0 _aProbiotics.
650 0 _aPrebiotics.
650 2 2 _aBiological Factors.
650 2 2 _aIntestines
_xMicrobiology.
700 1 _aTannock, G. W.
_q(Gerald W.)
906 _a7
_bcbc
_cpccadap
_d2
_encip
_f20
_gy-gencatlg
942 _2ddc
_cBK